| 000 | 00341nam a22001217a 4500 | ||
|---|---|---|---|
| 082 | _a306.0899145 MOO | ||
| 100 | _aMoon, Vasant | ||
| 245 | _aDr. Babasaheb Ambedkar Writings and Speeches V3 | ||
| 260 |
_aMumbai, Maharashtra _bEducation and Employment Department _c1987 |
||
| 300 | _a488 | ||
| 650 | _aB.R. Ambedkar's Philosophy | ||
| 942 | _cBK | ||
| 999 |
_c20699 _d20699 |
||